|
|
|
|
| LEADER |
00000nam a2200000 a 4500 |
| 001 |
vtls001320246 |
| 003 |
SK-MaSNL |
| 005 |
20260301235458.0 |
| 008 |
240318s1994 xo a 0 slo |
| 035 |
|
|
|a SNK000272873
|
| 040 |
|
|
|a SNK
|b slo
|c SNK
|e AACR2
|
| 044 |
|
|
|a xo
|c SK
|
| 080 |
|
|
|a 943.765.8-22"1223/1994"
|2 1981
|
| 100 |
1 |
|
|a Cvacho, Emil
|4 aut
|9 310145
|
| 245 |
1 |
0 |
|a Varín 1223-1994
|c Emil Cvacho
|
| 260 |
|
|
|a Varín
|b MOMS
|c [1994]
|
| 300 |
|
|
|a 16 s.
|c 21 cm
|
| 648 |
|
7 |
|a 1223-1994
|2 SNK
|9 632785
|
| 651 |
|
7 |
|a Varín (Slovensko)
|2 SNK
|9 30156
|
| 999 |
|
|
|c 975202
|d 977132
|
| 952 |
|
|
|t P60, <03>, [BOOK], {603}
|a SNK
|b SNK
|y PREZ
|7 0
|p 17A0258588
|o snkOSC 19518
|i snkD 346/98
|0 0
|1 0
|4 0
|d 1998-02-10
|l 0
|r 2005-01-02 00:00:00
|w 2026-02-24
|